00209nam a2200097Ia 4500008004100000041000800041082001600049100001500065245002200080260000900102240625s9999 xx 000 0 und d aeng a658.155 THR aTHRUN WALT aMAXIMIZING PROFIT c2003